Culture Générale - Série 775 - Statistiques

Statistiques générales
  • Ce quiz a été pris 128 fois
  • Le résultat moyen est 3 sur 10
Statistiques - réponses
Question Réponse % Correct
Quelle institution française appelle-t-on "Chambre haute " ? Senat
84%
Volant de jupe ou blondinette d'Astérix falbala
76%
Sous quel autre nom désigne-t-on l'hallux valgus qui est une déformation du gros orteil et qui touche principalement les femmes ? oignon
41%
Commune d'Ariège connue pour ses thermes, en 2 lettres Ax
34%
Dans quel département se situe le château d'Anet commandité par Henri II pour Diane de Poitiers ? Eure et Loir
23%
Perché à 3841m, il est l'un des plus haut sommet Italien, c'est le Mont ... Viso
9%
Station la plus connue du Piémont Italien notamment depuis l'accueil des épreuves de ski alpin lors des Jeux Olympique de Turin en 2006. Sestrieres
7%
Feu qu’on allume durant la nuit sur des tours, à l’entrée des ports et le long des plages maritimes, pour indiquer aux bâtiments la route qu’ils doivent tenir fanal
5%
Esclave vierge, qui pouvait monter jusqu'au statut de concubine ou de femme dans les sérails ottomans, mais dont la plupart étaient au service du harem du sultan odalisque
5%
Personne exécutant des tours d'adresse ou de force dans les foires et sur les places publiques bateleur
2%
Aucun quiz correspondant
Distribution des résultats
% des personnes avec chaque résultat
Percentile par nombre de réponses
Votre historique - résultats
Vous n’avez pas pris ce quiz